Bnoding to demineralized dentin using self - etching adhesive systems / (رقم التسجيلة. 32458)

تفاصيل مارك
000 -LEADER
fixed length control field 01695cam a2200337 a 4500
003 - CONTROL NUMBER IDENTIFIER
control field EG-GiCUC
005 - DATE AND TIME OF LATEST TRANSACTION
control field 20250223030330.0
008 - FIXED-LENGTH DATA ELEMENTS--GENERAL INFORMATION
fixed length control field 110102s2007 ua dh f m 000 0 eng d
040 ## - CATALOGING SOURCE
Original cataloging agency EG-GiCUC
Language of cataloging eng
Transcribing agency EG-GiCUC
041 0# - LANGUAGE CODE
Language code of text/sound track or separate title eng
049 ## - LOCAL HOLDINGS (OCLC)
Holding library Deposite
097 ## - Thesis Degree
Thesis Level M.Sc
099 ## - LOCAL FREE-TEXT CALL NUMBER (OCLC)
Classification number Cai01.09.03.M.Sc.2007.Sh.B
100 0# - MAIN ENTRY--PERSONAL NAME
Personal name Shereen Farouk Mohamed
245 10 - TITLE STATEMENT
Title Bnoding to demineralized dentin using self - etching adhesive systems /
Statement of responsibility, etc. Shereen Farouk Mohamed ; Supervised Dalia Mostafa Mohamed Aboulmagd , Dina Wafik Mahmoud Elkassas
246 15 - VARYING FORM OF TITLE
Title proper/short title قوة ربط العاج منزوع المعادن باستخدام أنظمة اللاصق ذاتى الخرخشة
260 ## - PUBLICATION, DISTRIBUTION, ETC.
Place of publication, distribution, etc. Cairo :
Name of publisher, distributor, etc. Shereen Farouk Mohamed ,
Date of publication, distribution, etc. 2007
300 ## - PHYSICAL DESCRIPTION
Extent 107Leaves :
Other physical details charts , facsimiles ;
Dimensions 30cm
502 ## - DISSERTATION NOTE
Dissertation note Thesis (M.Sc.) - Cairo University - Faculty of Oral and Dental Medicine - Department of Operative Dentistry
520 ## - SUMMARY, ETC.
Summary, etc. The aim of this study was to assess the bonding to demineralized dentin using self - etching adhesive ststems . The buccal dentin surfaces of 136 extracted , human permanent molars were used , 120 for shear bond strength testing and 16 for scanning electron microscopic examination . Teeth were divided into four groups according to the dentin surface treatment
530 ## - ADDITIONAL PHYSICAL FORM AVAILABLE NOTE
Additional physical form available note Issued also as CD
653 #4 - INDEX TERM--UNCONTROLLED
Uncontrolled term Caries - affected dentin
653 #4 - INDEX TERM--UNCONTROLLED
Uncontrolled term Demineralized dentin
653 #4 - INDEX TERM--UNCONTROLLED
Uncontrolled term Self - etching adhesive
700 0# - ADDED ENTRY--PERSONAL NAME
Personal name Dalia Mostafa Mohamed Aboulmagd ,
Relator term
700 0# - ADDED ENTRY--PERSONAL NAME
Personal name Dina Wafik Mahmoud Elkassas ,
Relator term
856 ## - ELECTRONIC LOCATION AND ACCESS
Uniform Resource Identifier <a href="http://172.23.153.220/th.pdf">http://172.23.153.220/th.pdf</a>
905 ## - LOCAL DATA ELEMENT E, LDE (RLIN)
Cataloger Fatma
Reviser Cataloger
905 ## - LOCAL DATA ELEMENT E, LDE (RLIN)
Cataloger Nazla
Reviser Revisor
942 ## - ADDED ENTRY ELEMENTS (KOHA)
Source of classification or shelving scheme Dewey Decimal Classification
Koha item type Thesis
المقتنيات
Source of classification or shelving scheme Not for loan Home library Current library Date acquired Full call number Barcode Date last seen Koha item type Copy number
Dewey Decimal Classification   المكتبة المركزبة الجديدة - جامعة القاهرة قاعة الرسائل الجامعية - الدور الاول 11.02.2024 Cai01.09.03.M.Sc.2007.Sh.B 01010110054410000 22.09.2023 Thesis  
Dewey Decimal Classification   المكتبة المركزبة الجديدة - جامعة القاهرة مخـــزن الرســائل الجـــامعية - البدروم 11.02.2024 Cai01.09.03.M.Sc.2007.Sh.B 01020110054410000 22.09.2023 CD - Rom 54410.CD
Cairo University Libraries Portal Implemented & Customized by: Eng. M. Mohamady Contacts: new-lib@cl.cu.edu.eg | cnul@cl.cu.edu.eg
CUCL logo CNUL logo
© All rights reserved — Cairo University Libraries
CUCL logo
Implemented & Customized by: Eng. M. Mohamady Contact: new-lib@cl.cu.edu.eg © All rights reserved — New Central Library
CNUL logo
Implemented & Customized by: Eng. M. Mohamady Contact: cnul@cl.cu.edu.eg © All rights reserved — Cairo National University Library